| 000 | 00594cam a22002057i 4500 | ||
|---|---|---|---|
| 999 |
_c7719 _d7719 |
||
| 003 | OSt | ||
| 005 | 20200513131631.0 | ||
| 008 | 170512s2016 vraa 000 0 eng | ||
| 020 | _a9781864705485 (bound) | ||
| 082 | 0 | 4 |
_a720.95957 _223 |
| 245 | 0 | 0 |
_aSCDA interiors / _cSCDA Architects. |
| 300 |
_a355 pages : _bcolor illustrations ; _c26 cm |
||
| 610 | 2 | 0 | _aSCDA Architects (Firm) |
| 650 | 0 |
_aArchitectural firms _zSingapore. |
|
| 650 | 0 | _aArchitectural design. | |
| 650 | 0 | _aInterior decoration. | |
| 650 | 0 | _aFurniture design. | |
| 710 | 2 |
_aSCDA Architects (Firm), _eauthor. |
|
| 942 | _2ddc | ||